• 首页
  • 本馆介绍
  • 公告通知
  • 最新文献
  • 馆藏检索
  • 电子资源
  • 读者导购
  • 参考咨询
  • 我的图书馆
  • 登录
  • 详细信息显示
  • 放入我的书架
  • 预约/预借图书
  • 作者相关作品
  • 分类相关作品
  • 丛书相关作品
  • 出版社相关作品

书目信息

  • 表格格式
  • 工作单格式
  • 卡片格式
题名:
海参高效养殖关键技术
    
 
作者: 赵艳珍 , 闫莹 主编
分册:  
出版信息: 北京   金盾出版社  2017.05
页数: 192页
开本: 20cm
丛书名: 农民与农技人员知识更新培训丛书
单 册:
中图分类: S968.9
科图分类:
主题词: 海参纲--海水养殖
电子资源:
ISBN: 978-7-5186-1026-6
000 01004oam2 2200253 450
001 3790
005 20181008150520.82
010    @a978-7-5186-1026-6@dCNY19.00
100    @a20170905d2017 em y0chiy50 ea
101 0  @achi
102    @aCN@b110000
105    @aa z 000yy
200 1  @a海参高效养殖关键技术@9hai shen gao xiao yang zhi guan jian ji shu@f赵艳珍,闫莹主编@g赵艳珍[等]编著
210    @a北京@c金盾出版社@d2017.05
215    @a192页@c图,照片@d20cm
225 1  @a农民与农技人员知识更新培训丛书
330    @a本书内容包括:海参高效养殖技术规范,海参的质量要求和卫生检验,海参的基础知识,刺参的生物学特性,刺参的育苗技术,刺参的养殖技术,刺参的增殖技术,刺参的采捕、加工与养殖的经济效益和存在的问题,刺参的营养需求与活饵料培养技术等。
461  0 @12001 @a农民与农技人员知识更新培训丛书
606 0  @a海参纲@x海水养殖
690    @aS968.9@v5
701  0 @a赵艳珍@9zhao yan zhen@4主编@4编著
701  0 @a闫莹@9yan ying@4主编
801  0 @aCN@b91MARC@c20170905
905    @aMuseLib@dS968.9@e47
    
    海参高效养殖关键技术/赵艳珍,闫莹主编/赵艳珍[等]编著.-北京:金盾出版社,2017.05
    192页:图,照片;20cm.-(农民与农技人员知识更新培训丛书)
    
    
    ISBN 978-7-5186-1026-6:CNY19.00
    本书内容包括:海参高效养殖技术规范,海参的质量要求和卫生检验,海参的基础知识,刺参的生物学特性,刺参的育苗技术,刺参的养殖技术,刺参的增殖技术,刺参的采捕、加工与养殖的经济效益和存在的问题,刺参的营养需求与活饵料培养技术等。
●
相关链接 在E读中查询图书 在五车中查询图书 在当当中查询图书 在豆瓣中查询图书


正题名:海参高效养殖关键技术     索取号:S968.9/47         预约/预借

序号 登录号 条形码 馆藏地/架位号 状态 备注
1 1123737   211237375   第二样本阅览室/ [索取号:S968.9/47] 在馆    
2 1123738   211237384   密集书库-生命科学系/ [索取号:S968.9/47] 在馆    
3 1123739   211237393   第三借阅区/ [索取号:S968.9/47] 在馆    
4 1123740   211237400   第三借阅区/ [索取号:S968.9/47] 在馆    
5 1123741   211237419   第三借阅区/ [索取号:S968.9/47] 已借出,限还日期为2026.08.12
借出人:邵元龙  
 
唐山师范学院图书馆 欢迎您!
大连网信软件有限公司© 版权所有